<?xml version="1.0" encoding="UTF-8"?>
<record
    xmlns:xsi="http://www.w3.org/2001/XMLSchema-instance"
    xsi:schemaLocation="http://www.loc.gov/MARC21/slim http://www.loc.gov/standards/marcxml/schema/MARC21slim.xsd"
    xmlns="http://www.loc.gov/MARC21/slim">

  <leader>02749nam a2200253   4500</leader>
  <controlfield tag="003">NALT</controlfield>
  <controlfield tag="005">20260112095514.0</controlfield>
  <controlfield tag="008">260108b        th ||||| |||| 00| 0 tha d</controlfield>
  <datafield tag="040" ind1=" " ind2=" ">
    <subfield code="a">NALT</subfield>
  </datafield>
  <datafield tag="090" ind1=" " ind2=" ">
    <subfield code="a">&#xE2D;&#xE28;</subfield>
    <subfield code="b">&#xE17;141&#xE2D; 2544</subfield>
  </datafield>
  <datafield tag="110" ind1="2" ind2=" ">
    <subfield code="a">&#xE42;&#xE04;&#xE23;&#xE07;&#xE01;&#xE32;&#xE23;&#xE40;&#xE1C;&#xE22;&#xE41;&#xE1E;&#xE23;&#xE48;&#xE27;&#xE34;&#xE0A;&#xE32;&#xE19;&#xE34;&#xE15;&#xE34;&#xE28;&#xE32;&#xE2A;&#xE15;&#xE23;&#xE4C;.</subfield>
    <subfield code="9">67228</subfield>
  </datafield>
  <datafield tag="245" ind1="1" ind2="0">
    <subfield code="a">&#xE2D;&#xE19;&#xE38;&#xE2A;&#xE23;&#xE13;&#xE4C;&#xE1E;&#xE23;&#xE30;&#xE23;&#xE32;&#xE0A;&#xE17;&#xE32;&#xE19;&#xE40;&#xE1E;&#xE25;&#xE34;&#xE07;&#xE28;&#xE1E; &#xE1E;&#xE31;&#xE19;&#xE15;&#xE33;&#xE23;&#xE27;&#xE08;&#xE40;&#xE2D;&#xE01;&#xE17;&#xE23;&#xE07;&#xE1E;&#xE25; &#xE13; &#xE1B;&#xE49;&#xE2D;&#xE21;&#xE40;&#xE1E;&#xE47;&#xE0A;&#xE23;&#xE4C; &#xE17;.&#xE21;., &#xE15;.&#xE0A;. &#xE13; &#xE40;&#xE21;&#xE23;&#xE38;&#xE27;&#xE31;&#xE14;&#xE15;&#xE23;&#xE35;&#xE17;&#xE28;&#xE40;&#xE17;&#xE1E;&#xE27;&#xE23;&#xE27;&#xE34;&#xE2B;&#xE32;&#xE23; &#xE43;&#xE19;&#xE27;&#xE31;&#xE19;&#xE40;&#xE2A;&#xE32;&#xE23;&#xE4C;&#xE17;&#xE35;&#xE48; 10 &#xE1E;&#xE24;&#xE28;&#xE08;&#xE34;&#xE01;&#xE32;&#xE22;&#xE19; 2544 / </subfield>
    <subfield code="c">&#xE13;&#xE23;&#xE07;&#xE04;&#xE4C; &#xE43;&#xE08;&#xE2B;&#xE32;&#xE0D;.</subfield>
  </datafield>
  <datafield tag="260" ind1=" " ind2=" ">
    <subfield code="a">&#xE1B;&#xE17;&#xE38;&#xE21;&#xE18;&#xE32;&#xE19;&#xE35; : </subfield>
    <subfield code="b">&#xE42;&#xE23;&#xE07;&#xE1E;&#xE34;&#xE21;&#xE1E;&#xE4C;&#xE21;&#xE2B;&#xE32;&#xE27;&#xE34;&#xE17;&#xE22;&#xE32;&#xE25;&#xE31;&#xE22;&#xE18;&#xE23;&#xE23;&#xE21;&#xE28;&#xE32;&#xE2A;&#xE15;&#xE23;&#xE4C;, </subfield>
    <subfield code="c">2544. </subfield>
  </datafield>
  <datafield tag="300" ind1=" " ind2=" ">
    <subfield code="a">125 &#xE2B;&#xE19;&#xE49;&#xE32; ;</subfield>
    <subfield code="c">19 &#xE0B;&#xE21;.</subfield>
  </datafield>
  <datafield tag="505" ind1="2" ind2=" ">
    <subfield code="a">&#xE2A;&#xE48;&#xE27;&#xE19;&#xE17;&#xE35;&#xE48; 1 &#xE01;&#xE0E;&#xE2B;&#xE21;&#xE32;&#xE22;&#xE40;&#xE01;&#xE35;&#xE48;&#xE22;&#xE27;&#xE02;&#xE49;&#xE2D;&#xE07;&#xE01;&#xE31;&#xE1A;&#xE27;&#xE07;&#xE08;&#xE23;&#xE0A;&#xE35;&#xE27;&#xE34;&#xE15; --
&#xE15;&#xE2D;&#xE19;&#xE17;&#xE35;&#xE48; 1 &#xE40;&#xE23;&#xE34;&#xE48;&#xE21;&#xE0A;&#xE35;&#xE27;&#xE34;&#xE15;&#xE43;&#xE2B;&#xE21;&#xE48; --
&#xE01;. &#xE01;&#xE32;&#xE23;&#xE40;&#xE01;&#xE34;&#xE14; --
&#xE02;. &#xE1A;&#xE38;&#xE15;&#xE23;&#xE43;&#xE04;&#xE23; --
&#xE04;. &#xE1A;&#xE38;&#xE15;&#xE23;&#xE1A;&#xE38;&#xE0D;&#xE18;&#xE23;&#xE23;&#xE21; --
&#xE15;&#xE2D;&#xE19;&#xE17;&#xE35;&#xE48; 2 &#xE14;&#xE33;&#xE23;&#xE07;&#xE0A;&#xE35;&#xE27;&#xE34;&#xE15;&#xE2D;&#xE22;&#xE39;&#xE48;&#xE43;&#xE19;&#xE2A;&#xE31;&#xE07;&#xE04;&#xE21; --
&#xE01;. &#xE01;&#xE32;&#xE23;&#xE28;&#xE36;&#xE01;&#xE29;&#xE32; --
&#xE02;. &#xE1A;&#xE31;&#xE15;&#xE23;&#xE1B;&#xE23;&#xE30;&#xE08;&#xE33;&#xE15;&#xE31;&#xE27;&#xE1B;&#xE23;&#xE30;&#xE0A;&#xE32;&#xE0A;&#xE19; --
&#xE04;. &#xE01;&#xE32;&#xE23;&#xE23;&#xE31;&#xE1A;&#xE23;&#xE32;&#xE0A;&#xE01;&#xE32;&#xE23;&#xE17;&#xE2B;&#xE32;&#xE23; --
&#xE07;. &#xE04;&#xE23;&#xE2D;&#xE1A;&#xE04;&#xE23;&#xE31;&#xE27; --
&#xE15;&#xE2D;&#xE19;&#xE17;&#xE35;&#xE48; 3 &#xE08;&#xE1A;&#xE0A;&#xE35;&#xE27;&#xE34;&#xE15;&#xE40;&#xE01;&#xE48;&#xE32; --
&#xE01;. &#xE01;&#xE32;&#xE23;&#xE15;&#xE32;&#xE22; --
&#xE02;. &#xE21;&#xE23;&#xE14;&#xE01; --
&#xE2A;&#xE48;&#xE27;&#xE19;&#xE17;&#xE35;&#xE48; 2 &#xE01;&#xE0E;&#xE2B;&#xE21;&#xE32;&#xE22;&#xE40;&#xE01;&#xE35;&#xE48;&#xE22;&#xE27;&#xE01;&#xE31;&#xE1A;&#xE0A;&#xE35;&#xE27;&#xE34;&#xE15;&#xE1B;&#xE23;&#xE30;&#xE08;&#xE33;&#xE27;&#xE31;&#xE19; --
&#xE01;. &#xE01;&#xE39;&#xE49;&#xE22;&#xE37;&#xE21;&#xE40;&#xE07;&#xE34;&#xE19; --
&#xE02;. &#xE04;&#xE49;&#xE33;&#xE1B;&#xE23;&#xE30;&#xE01;&#xE31;&#xE19; --
&#xE04;. &#xE08;&#xE33;&#xE19;&#xE2D;&#xE07; --
&#xE07;. &#xE08;&#xE33;&#xE19;&#xE33; --
&#xE08;. &#xE0B;&#xE37;&#xE49;&#xE2D;&#xE02;&#xE32;&#xE22; --
&#xE09;. &#xE02;&#xE32;&#xE22;&#xE1D;&#xE32;&#xE01; --
&#xE0A;. &#xE40;&#xE0A;&#xE48;&#xE32;&#xE17;&#xE23;&#xE31;&#xE1E;&#xE22;&#xE4C; --
&#xE0B;. &#xE40;&#xE0A;&#xE48;&#xE32;&#xE0B;&#xE37;&#xE49;&#xE2D; --
&#xE2A;&#xE48;&#xE27;&#xE19;&#xE17;&#xE35;&#xE48; 3 &#xE02;&#xE49;&#xE2D;&#xE41;&#xE19;&#xE30;&#xE19;&#xE33;&#xE43;&#xE19;&#xE01;&#xE32;&#xE23;&#xE15;&#xE34;&#xE14;&#xE15;&#xE48;&#xE2D;&#xE23;&#xE32;&#xE0A;&#xE01;&#xE32;&#xE23;&#xE17;&#xE35;&#xE48;&#xE2D;&#xE33;&#xE40;&#xE20;&#xE2D; --
&#xE27;&#xE34;&#xE18;&#xE35;&#xE1B;&#xE0F;&#xE34;&#xE1A;&#xE31;&#xE15;&#xE34;&#xE40;&#xE01;&#xE35;&#xE48;&#xE22;&#xE27;&#xE01;&#xE31;&#xE1A;&#xE01;&#xE32;&#xE23;&#xE17;&#xE30;&#xE40;&#xE1A;&#xE35;&#xE22;&#xE19;&#xE15;&#xE48;&#xE32;&#xE07; &#xE46; --
&#xE42;&#xE04;&#xE23;&#xE07;&#xE01;&#xE32;&#xE23;&#xE40;&#xE1C;&#xE22;&#xE41;&#xE1E;&#xE23;&#xE48;&#xE27;&#xE34;&#xE0A;&#xE32;&#xE19;&#xE34;&#xE15;&#xE34;&#xE28;&#xE32;&#xE2A;&#xE15;&#xE23;&#xE4C; &#xE28;&#xE39;&#xE19;&#xE22;&#xE4C;&#xE19;&#xE34;&#xE15;&#xE34;&#xE28;&#xE32;&#xE2A;&#xE15;&#xE23;&#xE4C;.</subfield>
  </datafield>
  <datafield tag="600" ind1="0" ind2="4">
    <subfield code="a">&#xE17;&#xE23;&#xE07;&#xE1E;&#xE25; &#xE13; &#xE1B;&#xE49;&#xE2D;&#xE21;&#xE40;&#xE1E;&#xE47;&#xE0A;&#xE23;&#xE4C;</subfield>
    <subfield code="x">&#xE0A;&#xE35;&#xE27;&#xE1B;&#xE23;&#xE30;&#xE27;&#xE31;&#xE15;&#xE34;</subfield>
    <subfield code="9">67252</subfield>
  </datafield>
  <datafield tag="650" ind1=" " ind2="4">
    <subfield code="a">&#xE01;&#xE0E;&#xE2B;&#xE21;&#xE32;&#xE22;</subfield>
    <subfield code="x">&#xE41;&#xE07;&#xE48;&#xE2A;&#xE31;&#xE07;&#xE04;&#xE21; </subfield>
    <subfield code="9">37110</subfield>
  </datafield>
  <datafield tag="700" ind1="0" ind2=" ">
    <subfield code="a">&#xE13;&#xE23;&#xE07;&#xE04;&#xE4C; &#xE43;&#xE08;&#xE2B;&#xE32;&#xE0D;.</subfield>
    <subfield code="9">20120</subfield>
  </datafield>
  <datafield tag="942" ind1=" " ind2=" ">
    <subfield code="2">local</subfield>
    <subfield code="c">CRE</subfield>
  </datafield>
  <datafield tag="996" ind1=" " ind2=" ">
    <subfield code="a">jidapa.t</subfield>
    <subfield code="b">ACQSTF</subfield>
    <subfield code="c">2026-01-08</subfield>
  </datafield>
  <datafield tag="996" ind1=" " ind2=" ">
    <subfield code="a">varee.k</subfield>
    <subfield code="b">LIBSTF</subfield>
    <subfield code="c">2026-01-09</subfield>
  </datafield>
  <datafield tag="996" ind1=" " ind2=" ">
    <subfield code="a">jamriang.p</subfield>
    <subfield code="b">CATSTF	</subfield>
    <subfield code="c">2026-01-12</subfield>
  </datafield>
  <datafield tag="999" ind1=" " ind2=" ">
    <subfield code="c">107638</subfield>
    <subfield code="d">107638</subfield>
  </datafield>
  <datafield tag="998" ind1=" " ind2=" ">
    <subfield code="j">1020</subfield>
    <subfield code="k"> &#xE19;&#xE32;&#xE07;&#xE08;&#xE33;&#xE40;&#xE23;&#xE35;&#xE22;&#xE07;  &#xE23;&#xE30;&#xE27;&#xE31;&#xE07;&#xE2A;&#xE33;&#xE42;&#xE23;&#xE07;</subfield>
  </datafield>
  <datafield tag="952" ind1=" " ind2=" ">
    <subfield code="0">0</subfield>
    <subfield code="1">0</subfield>
    <subfield code="2">lcc</subfield>
    <subfield code="4">0</subfield>
    <subfield code="7">0</subfield>
    <subfield code="8">CCRE</subfield>
    <subfield code="a">NALT</subfield>
    <subfield code="b">NALT</subfield>
    <subfield code="c">CRE</subfield>
    <subfield code="d">2026-01-08</subfield>
    <subfield code="l">0</subfield>
    <subfield code="o">&#xE2D;&#xE28; &#xE17;141&#xE2D; 2544</subfield>
    <subfield code="p">3961216041</subfield>
    <subfield code="r">2026-01-08 00:00:00</subfield>
    <subfield code="w">2026-01-08</subfield>
    <subfield code="y">CRE</subfield>
  </datafield>
</record>
